People's countries of birth, by the flag of the time (2) - Statistics

General Stats
  • This quiz has been taken 27 times
  • The average score is 7 of 15
Answer Stats
Question Answer % Correct
Robert Lewandowski
84%
Louis VIII of France
72%
Otto von Bismarck
68%
Mao Zedong
68%
The Dalai Lama
64%
Queen Elizabeth I
60%
Hernán Cortés
52%
Māris Verpakovskis, Dynamo Kiev striker
44%
Gerhard Schröder
36%
George I of Great Britain
36%
The Edge
36%
Flora Duffy, Olympic gold medal winning triathlete
36%
Christopher Columbus
20%
Mother Teresa
12%
Decimus et Ultimus Barziza
12%
No matching quizzes found
Score Distribution
Percent of People with Each Score
Percentile by Number Answered
Your Score History
You have not taken this quiz